000 00335nam a22001217a 4500
999 _c3745
_d3745
005 20201217104431.0
008 201217b ||||| |||| 00| 0 eng d
020 _a27095
040 _cCML
245 _aGeneral Orders.
_cZambia
260 _aZambia
_bGovernment Printers
_c1995
942 _2ddc
_cBK
_e1st Edition
_h349
_mZAM